Normal view
MARC view
Entry Nombre personal
001 - NÚMERO DE CONTROL
- campo de control: 188
003 - IDENTIFICADOR DEL NÚMERO DE CONTROL
- campo de control: OSt
005 - FECHA Y HORA DE LA ÚLTIMA TRANSACCIÓN
- campo de control: 20211111123048.0
008 - DATOS DE LONGITUD FIJA
- campo de control de longitud fija: 200615|| aca||aabn | a|a d
040 ## - FUENTE DE LA CATALOGACIÓN
- Centro catalogador/agencia de origen: OSt
- Centro/agencia transcriptor: OSt
100 1# - ENCABEZAMIENTO-NOMBRE DE PERSONA
- Nombre de persona: Penson, Enríque
400 1# - TRAZADO DE VÉASE--NOMBRE DE PERSONA
- Nombre de persona: Penson Paulus, Enrique
400 1# - TRAZADO DE VÉASE--NOMBRE DE PERSONA
- Nombre de persona: Paulus, Enrique Penson
670 ## - FUENTE DE DATOS ENCONTRADOS
- Cita de la fuente: Work cat.: (OSt)44: Penson, Enríque, Arquitectura dominicana 1906-1950 /, 2005.
670 ## - FUENTE DE DATOS ENCONTRADOS
- Cita de la fuente: El subsuelo de Santo Domingo, 1981:
670 ## - FUENTE DE DATOS ENCONTRADOS
- Cita de la fuente: El subsuelo de Santiago, 1973:
